Mediation (Record no. 103605)

MARC details
000 -LEADER
fixed length control field 00969cam a2200289 4500
001 - CONTROL NUMBER
control field L126326
008 - FIXED-LENGTH DATA ELEMENTS--GENERAL INFORMATION
fixed length control field 040601n2004 000 0 eng u
020 ## - INTERNATIONAL STANDARD BOOK NUMBER
International Standard Book Number 1859418449
035 ## - SYSTEM CONTROL NUMBER
System control number (Sirsi) u126326
041 ## - LANGUAGE CODE
Language code of text/sound track or separate title eng
050 ## - LIBRARY OF CONGRESS CALL NUMBER
Classification number 347.09
-- 22
050 ## - LIBRARY OF CONGRESS CALL NUMBER
Classification number 347.4107
-- 18
100 ## - MAIN ENTRY--PERSONAL NAME
Personal name Stitt, Allan J.
245 ## - TITLE STATEMENT
Title Mediation
Remainder of title a practical guide
260 ## - PUBLICATION, DISTRIBUTION, ETC.
Place of publication, distribution, etc. London
Name of publisher, distributor, etc. Cavendish
Date of publication, distribution, etc. 2004
300 ## - PHYSICAL DESCRIPTION
Extent xvi, 150p.
Dimensions 24cm.
350 ## - PRICE (NR) (BK AM CF MU VM SE) [OBSOLETE]
Price 29.95
520 ## - SUMMARY, ETC.
Summary, etc. Provides a complete understanding of how to effectively conduct a mediation. Explains what a mediation is, the rationale behind it and how it differs from litigation. Looks at every aspect of the mediation process, providing practical tips for lawyers and mediators. Includes case studies and a bibliography.
521 ## - TARGET AUDIENCE NOTE
Target audience note Advanced
650 ## - SUBJECT ADDED ENTRY--TOPICAL TERM
Topical term or geographic name entry element MEDIATION
650 ## - SUBJECT ADDED ENTRY--TOPICAL TERM
Topical term or geographic name entry element DISPUTES
650 ## - SUBJECT ADDED ENTRY--TOPICAL TERM
Topical term or geographic name entry element MEDIATORS
650 ## - SUBJECT ADDED ENTRY--TOPICAL TERM
Topical term or geographic name entry element NEGOTIATION
690 ## - LOCAL SUBJECT ADDED ENTRY--TOPICAL TERM (OCLC, RLIN)
Topical term or geographic name as entry element DISPUTE RESOLUTION
9 (RLIN) 6236
942 ## - ADDED ENTRY ELEMENTS (KOHA)
Suppress in OPAC 0
Holdings
Withdrawn status Lost status Source of classification or shelving scheme Damaged status Not for loan Home library Current library Shelving location Date acquired Cost, normal purchase price Total Checkouts Full call number Barcode Date last seen Date last checked out Copy number Cost, replacement price Price effective from Koha item type
    Dewey Decimal Classification     London London Books 02/09/2008 28.86 9 347.4107 STI 30074875 06/08/2019 23/12/2009 1 28.86 06/08/2019 Book